000 00642nam a2200229Ia 4500
003 OSt
005 20220924125833.0
006 a|||||r|||| 00| 0
007 ta
008 220923b |||||||| |||| 00| 0 per d
024 _a325257
037 _cTextual
040 _aARTS
_cARTS
_bper
041 _2per
_aper
082 _aM8.45, 164L3
245 0 _aNegar-e-zan
_b an historical pageant of women's dress in Iran
260 _aTehran
_bInternational women's club of Iran Iran
_c1973
300 _a45p.
_ccm.
650 _aTEXTILE INDUSTRY
_9185820
942 _hM8.45, 164L3
_cTEXL
_2CC
999 _c423463
_d423463